Подробности
| 000 -МАРКЕР |
| контрольное поле |
02133njm0a2200385 4500 |
| 001 - ИДЕНТИФИКАТОР ЗАПИСИ |
| контрольное поле |
RU\NLR\ONIZ\224357 |
| 005 - ИДЕНТИФИКАТОР ВЕРСИИ |
| контрольное поле |
20250708192911.0 |
| 035 ## - ДРУГИЕ СИСТЕМНЫЕ НОМЕРА |
| Идентификатор записи |
(NLR Aleph) 011903429 |
| 035 ## - ДРУГИЕ СИСТЕМНЫЕ НОМЕРА |
| Идентификатор записи |
RU\NLR\ONIZ\GALA\5000033592\20181101125046 |
| 071 00 - ИЗДАТЕЛЬСКИЙ НОМЕР |
| Номер, присвоенный агентством |
G.C.-4-22174; G.C.-4-22241 |
| 100 ## - ДАННЫЕ ОБЩЕЙ ОБРАБОТКИ |
| Данные общей обработки |
20181101f19001999|||y0rusy50 ca |
| 102 ## - СТРАНА ПУБЛИКАЦИИ ИЛИ ПРОИЗВОДСТВА |
| Страна публикации |
российская федерация |
| 126 ## - ПОЛЕ КОДИРОВАННЫХ ДАННЫХ: ЗВУКОЗАПИСИ - ФИЗИЧЕСКИЕ ХАРАКТЕРИСТИКИ |
| Кодированные данные звукозаписи (общие) |
aduxdxu ux |
| Кодированные данные звукозаписи (уточнения) |
xxx |
| 127 ## - ПОЛЕ КОДИРОВАННЫХ ДАННЫХ: ПРОДОЛЖИТЕЛЬНОСТЬ ЗВУКОЗАПИСЕЙ И НОТНЫХ ИЗДАНИЙ (МУЗЫКАЛЬНОЕ ИСПОЛНЕНИЕ) |
| Продолжительность |
000012 |
| 135 ## - ПОЛЕ КОДИРОВАННЫХ ДАННЫХ: ЭЛЕКТРОННЫЕ РЕСУРСЫ |
| Кодированные данные для электронного ресурса |
honoannnanndn |
| 200 1# - ЗАГЛАВИЕ И СВЕДЕНИЯ ОБ ОТВЕТСТВЕННОСТИ |
| Основное заглавие |
Она моя, она моя. |
| Общее обозначение материала |
Звукозапись |
| Сведения, относящиеся к заглавию |
нов. цыг. романс |
| Первые сведения об ответственности |
П. В. Родзянко |
| Последующие сведения об ответственности |
исполн.: А. М. Давыдовъ, арт. ИМП, театров. С.-Петербургъ |
| 210 ## - ПУБЛИКАЦИЯ, РАСПРОСТРАНЕНИЕ И ДР. |
| Место издания, распространения и т.д. |
Riga |
| Имя издателя, распространителя и т. д. |
Concert record "Gramophone" |
| Дата издания, распространения и т.д. |
[19--] |
| 215 ## - ФИЗИЧЕСКАЯ ХАРАКТЕРИСТИКА |
| Специфическое обозначение материала и объем |
1 грп.(12 мин): 78 об/мин, моно; 25 см, в конв. |
| 423 #0 - ИЗДАЕТСЯ В ОДНОЙ ОБЛОЖКЕ ВМЕСТЕ С ... |
| Встроенное поле |
2001#$aЖелание$eромансъ$fО. В. Оскнер$gисполн.: М. И. Вавич, артист русской оперетты. Москва |
| -- |
686##$aЩ943.3-043.3(28)$vLBC/SL$2rubbk |
| -- |
700#1$9z01790$aОскнер$bО. В.$gОттон Викторович$f1854-?$4070$7ca |
| -- |
702#1$9z02790$aВавич$bМ.И.$gМихаил Иванович$f1881-1931$4590$4vbs$7ca |
| -- |
790#1$9z01700$aOskner$bO. V.$gOtton Viktorovič$f1854-?$4070$7ba |
| -- |
790#1$9z02702$aVavič$bM.$gMichael$f1881-1931$4590$4vbs$7ba |
| Заглавие |
Желание |
| Автор |
Оскнер, Оттон Викторович (1854-?) |
| 606 1# - НАИМЕНОВАНИЕ ТЕМЫ КАК ПРЕДМЕТ |
| Наименование темы |
Старинные русские романсы |
| Тематический подзаголовок |
Звукозапись |
| Географический подзаголовок |
Россия |
| Хронологический подзаголовок |
19-20 вв. |
| Код системы |
nlr_sh |
| 686 ## - ИНДЕКСЫ ДРУГИХ КЛАССИФИКАЦИЙ |
| Индекс |
Щ943.1-043.32(28) |
| Издание |
LBC/SL |
| Код системы |
|
| 700 #1 - ИМЯ ЛИЦА - ПЕРВИЧНАЯ ОТВЕТСТВЕННОСТЬ |
| Системный номер авторитетной/нормативной записи |
z01790 |
| Начальный элемент ввода |
Родзянко |
| Часть имени, кроме начального элемента ввода |
П. В. |
| Расширение инициалов личного имени |
Павел В. |
| Код отношения |
Композитор |
| Графика поля |
Кириллица |
| 702 #1 - ИМЯ ЛИЦА - ВТОРИЧНАЯ ОТВЕТСТВЕННОСТЬ |
| Системный номер авторитетной/нормативной записи |
z03790 |
| Начальный элемент ввода |
Давыдов |
| Часть имени, кроме начального элемента ввода |
А. М. |
| Даты |
1872-1944 |
| Расширение инициалов личного имени |
Александр Михайлович |
| Код отношения |
Исполнитель |
| Графика поля |
Кириллица |
| 790 #1 - ИМЯ ЛИЦА - АЛЬТЕРНАТИВНАЯ ФОРМА |
| Системный номер авторитетной/нормативной записи |
z01700 |
| Начальный элемент ввода |
Rodzjanko |
| Часть имени, кроме начального элемента ввода |
P. V. |
| Расширение инициалов личного имени |
Pavel V. |
| Код отношения |
Композитор |
| Графика поля |
Латинская |
| 790 #1 - ИМЯ ЛИЦА - АЛЬТЕРНАТИВНАЯ ФОРМА |
| Системный номер авторитетной/нормативной записи |
z03702 |
| Начальный элемент ввода |
Davydov |
| Часть имени, кроме начального элемента ввода |
A. |
| Даты |
1872-1944 |
| Расширение инициалов личного имени |
Alexander |
| Код отношения |
Исполнитель |
| Графика поля |
Латинская |
| 801 #0 - ИСТОЧНИК ЗАПИСИ |
| Страна |
российская федерация |
| Организация |
NLR |
| Дата составления |
20181101 |
| Правила каталогизации |
PSBO |
| 801 #1 - ИСТОЧНИК ЗАПИСИ |
| Страна |
российская федерация |
| Организация |
NLR |
| Дата составления |
20181101 |
| Источник данных |
rusmarc |
| 801 #2 - ИСТОЧНИК ЗАПИСИ |
| Страна |
российская федерация |
| Организация |
NLR |
| Дата составления |
20181101 |
| 852 ## - МЕСТОНАХОЖДЕНИЕ И ШИФР ХРАНЕНИЯ |
| Идентификатор организации |
NLR |
| Наименование фонда или коллекции (Sub-Location Identifier) |
Мг |
| Шифр хранения (Call Number) |
2к/2791 |
| Страна |
|
| Номер экземпляра |
1 |
| 942 ## - ДОПОЛНИТЕЛЬНЫЕ ЭЛЕМЕНТЫ ЗАПИСИ (АБИС) |
| Тип экземпляра АБИС |
Звукозапись |
| 980 ## - КОЛЛЕКЦИЯ |
| Название коллекции |
Национальная библиография |
| 980 ## - КОЛЛЕКЦИЯ |
| Название коллекции |
Отдел нот и звукозаписей |